[Event "Tourn. n8973"]
[Site "www.chess-mail.com"]
[Date "2016.09.28"]
[Round "1"]
[White "Norlavuaram"]
[Black "Foxy100"]
[WhiteElo "2160"]
[BlackElo "2210"]
[Result "0-1"]
[Round "1"]
1.e4 e5
2.Ng1f3 Nb8c6
3.Bf1b5 a6
4.Bb5a4 Ng8f6
5.O-O Bf8e7
6.Rf1e1 b5
7.Ba4b3 O-O
8.c3 d6
9.h3 Nc6b8
10.d4 Nb8d7
11.Nb1d2 c5
12.Nd2f1 Qd8c7
13.g4 Nd7b6
14.Nf1g3 h6
15.Bc1e3 c4
16.Bb3c2 Rf8e8
17.d5 Ra8b8
18.Ng3f5 Be7f8
19.Kh1 Nb6d7
20.Re1g1 Nd7c5
21.Nf3d2 Kh7
22.Qd1f3 Nf6g8
23.h4 g6
24.Nf5g3 Bf8g7
25.g5 Re8f8
26.Kg2 Nc5d3
27.Bc2xd3 cxd3
28.Rg1h1 f5
29.gxf6 Ng8xf6
30.Qf3d1 Nf6g4
31.Qd1e1 Bg7f6
32.f3 Ng4xe3
33.Qe1xe3 Qc7e7
34.h5 Rf8g8
35.hxg6 Rg8xg6
36.Kf2 Bf6g5
37.Qe3xd3 Bg5h4
38.Ra1g1 Qe7a7
{ resign }
0-1

[Event "Tourn. n8974"]
[Site "www.chess-mail.com"]
[Date "2016.09.28"]
[Round "1"]
[White "Pariolinius"]
[Black "Manuelito"]
[WhiteElo "1840"]
[BlackElo "1599"]
[Result "1-0"]
[Round "1"]
1.e4 e5
2.Ng1f3 d6
3.Bf1c4 f5
4.Nb1c3 Ng8f6
5.d3 h6
6.O-O Nb8c6
7.Bc1e3 a6
8.a3 Bc8e6
9.Bc4xe6 { resign }
1-0

[Event "Tourn. n8972"]
[Site "www.chess-mail.com"]
[Date "2016.09.28"]
[Round "1"]
[White "Mitja"]
[Black "Bojan"]
[WhiteElo "1940"]
[BlackElo "1910"]
[Result "1-0"]
[Round "1"]
1.d4 g6
2.c3 Bf8g7
3.e3 e5
4.dxe5 Bg7xe5
5.Ng1f3 Be5f6
6.Nb1d2 b6
7.Nd2b3 Bc8b7
8.Bf1e2 Ng8e7
9.Nb3d4 Nb8c6
10.Nd4xc6 Bb7xc6
11.Nf3d4 Bc6b7
12.Be2f3 c6
13.Qd1e2 Qd8c7
14.O-O a5
15.a4 Bf6e5
16.h3 d5
17.Qe2d2 O-O-O
18.b3 Bb7a6
19.Bf3e2 Ba6b7
20.Bc1a3 c5
21.Nd4b5 Qc7c6
22.Be2f3 Qc6f6
23.Ra1d1 Kb8
24.Qd2c2 Ne7f5
25.c4 Nf5h4
26.Bf3xd5 Rd8xd5
27.cxd5 Rh8d8
28.e4 Qf6g5
29.f3 Bb7c8
30.Ba3c1 Qg5g3
31.f4 Be5g7
32.Rd1d3 Qg3xg2
33.Qc2xg2 Nh4xg2
34.Kxg2 f5
35.e5 Bc8b7
36.Rf1d1 h6
37.Kg3 g5
38.e6 Bg7f6
39.fxg5 hxg5
40.d6 Kc8
41.d7 Kb8
42.Nb5d6 Bb7a6
43.Nd6b5 Ba6b7
44.Rd1e1 Bb7e4
45.Rd3d2 Bf6e5
46.Kf2 Be5f6
47.Bc1b2 Bf6e7
48.Bb2e5 Kb7
49.Nb5d6 Kc6
50.Nd6xe4 fxe4
51.Re1xe4 b5
52.Re4e1 c4
53.axb5 Kxb5
54.bxc4 Kxc4
55.Re1c1 Kb3
56.Rc1c8 a4
57.Be5c7 { resign }
1-0

[Event "Tourn. n8932"]
[Site "www.chess-mail.com"]
[Date "2016.09.28"]
[Round "1"]
[White "Bjonil60"]
[Black "Jjmcbride"]
[WhiteElo "1440"]
[BlackElo "1350"]
[Result "0-1"]
[Round "1"]
1.d4 d5
2.e3 Nb8c6
3.Qd1e2 e5
4.Nb1c3 e4
5.f3 Ng8f6
6.h3 Nf6h5
7.g4 Nh5g3
8.Qe2d1 Ng3xh1
9.Bf1g2 Qd8h4
10.Ke2 Qh4f2

0-1

[Event "Match"]
[Site "www.echecsemail.com"]
[Date "2016.09.28"]
[Round "1"]
[White "Coraza8091"]
[Black "Susov"]
[WhiteElo "1650"]
[BlackElo "1850"]
[Result "0-1"]
[Round "1"]
1.Ng1f3 Nb8c6
2.e4 e5
3.Nb1c3 Ng8f6
4.g3 d5
5.Qd1e2 d4
6.Nc3d1 Bc8g4
7.h3 Bg4xf3
8.Qe2xf3 a6
9.c3 Bf8c5
10.Bf1c4 O-O
11.Bc4d5 Nf6xd5
12.exd5 Nc6a5
13.b4 e4
14.Qf3f5 dxc3
 { time }
0-1

[Event "Match"]
[Site "www.echecsemail.com"]
[Date "2016.09.28"]
[Round "1"]
[White "Gilliere"]
[Black "Canario"]
[WhiteElo "2050"]
[BlackElo "1810"]
[Result "1/2-1/2"]
[Round "1"]
1.e4 e5
2.Ng1f3 Nb8c6
3.Bf1b5 d6
4.Nb1c3 Bc8d7
5.d3 Ng8f6
6.Bc1g5 a6
7.Bb5xc6 Bd7xc6
8.O-O Bf8e7
9.Bg5xf6 Be7xf6
10.Nc3d5 Bc6xd5
11.exd5 O-O
12.c4 c5
13.Ra1b1 Qd8a5
14.a3 b5
15.Qd1e1 Qa5xe1
16.Rf1xe1 h6
17.b4 bxc4
18.dxc4 Rf8c8
19.bxc5 Rc8xc5
20.Nf3d2 Ra8e8
21.Rb1b6 a5
22.Rb6xd6 { draw }
1/2-1/2

[Event "Match"]
[Site "www.echecsemail.com"]
[Date "2016.09.28"]
[Round "1"]
[White "Coraza"]
[Black "Ditto"]
[WhiteElo "1740"]
[BlackElo "1730"]
[Result "1-0"]
[Round "1"]
1.g3 d5
2.Bf1g2 Bc8f5
3.Ng1f3 e6
4.O-O Bf8d6
5.d3 Ng8f6
6.Bc1g5 Nb8d7
7.Nb1c3 O-O
8.a3 c6
9.e4 dxe4
10.dxe4 Bf5g4
11.Qd1xd6 Qd8b6
12.Bg5xf6 Nd7xf6
13.b4 Ra8d8
14.Qd6f4 Rd8e8
15.Nf3d2 e5
16.Qf4g5 Qb6d4
17.Nc3a4 Re8d8
18.Nd2b3 Qd4d7
19.Na4c5 Qd7c8
20.Nc5d3 Rf8e8
21.f3 Bg4e6
22.Nb3d2 h6
23.Qg5e3 b6
24.Nd3xe5 Qc8c7
25.Qe3f4 Qc7d6
26.Rf1d1 Qd6c7
27.Ne5d3 Qc7c8
28.Nd2f1 Qc8a6
29.Nf1e3 Qa6b5
30.Bg2f1 Qb5a6
31.Nd3c5 Qa6c8
32.Bf1a6 Qc8a8
33.Nc5b7 Rd8xd1
34.Ra1xd1 Be6c8
35.Qf4c7 Bc8e6
36.Qc7xc6 Re8c8
37.Qc6d6 Nf6e8
38.Qd6f4 Rc8c3
39.a4 Rc3c8
40.Nb7d6 Rc8d8
41.e5 Qa8c6
42.Nd6xe8 Rd8xd1
43.Ne3xd1 Qc6xe8
44.Ba6b5 Qe8d8
45.Nd1f2 Qd8c8
46.Bb5d3 Qc8c3
47.Nf2d1 Qc3e1
48.Kg2 Qe1xd1
49.Qf4e4 Qd1d2
50.Kg1 Be6h3
51.Qe4a8 { resign }
1-0

[Event "Match"]
[Site "www.echecsemail.com"]
[Date "2016.09.28"]
[Round "1"]
[White "Llord"]
[Black "Raulazo"]
[WhiteElo "1920"]
[BlackElo "1910"]
[Result "0-1"]
[Round "1"]
1.e4 e5
2.Ng1f3 Nb8c6
3.Bf1c4 h6
4.O-O b6
5.Bc4d5 Bc8b7
6.Nb1c3 Qd8f6
7.Nc3b5 O-O-O
8.d3 Nc6d4
9.Bd5xb7 Kxb7
10.Nf3xd4 exd4
11.g3 Qf6e5
12.a4 a6
13.Bc1f4 Qe5c5
14.Bf4xc7 Rd8c8
15.Nb5xd4 Qc5xd4
16.c3 Qd4c5
17.Bc7e5 Qc5xe5
18.f4 Qe5c5
19.d4 Qc5c4
20.Qd1d2 Ng8f6
21.e5 Nf6e4
22.Qd2g2 Qc4d5
23.Ra1d1 f5
24.Qg2h3 g6
25.Qh3g2 Qd5b3
26.Rd1a1 a5
27.Rf1e1 g5
28.fxg5 hxg5
29.g4 Rh8h4
30.gxf5 Qb3d5
31.b3 Rc8xc3
32.Ra1b1 Qd5xd4
33.Kf1 Rh4f4
{ resign }
0-1

[Event "Match"]
[Site "www.echecsemail.com"]
[Date "2016.09.28"]
[Round "1"]
[White "Foxy100"]
[Black "Jaguar91"]
[WhiteElo "2200"]
[BlackElo "2170"]
[Result "1-0"]
[Round "1"]
1.e4 c5
2.Ng1f3 d6
3.d4 cxd4
4.Nf3xd4 Ng8f6
5.Nb1c3 a6
6.Bf1e2 e6
7.O-O Qd8c7
8.f4 b5
9.Be2f3 Bc8b7
10.e5 dxe5
11.Bf3xb7 Qc7xb7
12.fxe5 Nf6e4
13.Qd1f3 Bf8c5
14.Bc1e3 Ne4d6
15.exd6 Qb7xf3
16.Rf1xf3 Bc5xd6
17.Nc3e4 Bd6e7
18.Be3g5 f6
19.Nd4xe6 { resign }
1-0

[Event "Match"]
[Site "www.echecsemail.com"]
[Date "2016.09.28"]
[Round "1"]
[White "Glenno"]
[Black "Ericleo1980"]
[WhiteElo "2410"]
[BlackElo "2130"]
[Result "1-0"]
[Round "1"]
1.e4 c5
2.Ng1f3 d6
3.d4 cxd4
4.Nf3xd4 Ng8f6
5.Nb1c3 a6
6.Bc1g5 e6
7.f4 Nb8d7
8.Qd1f3 Qd8c7
9.O-O-O b5
10.Bf1d3 Bc8b7
11.Rh1e1 Qc7b6
12.Nc3d5 Qb6xd4
13.Bg5xf6 gxf6
14.Bd3xb5 Qd4xd1
15.Kxd1 axb5
16.Nd5c7 Kd8
17.Nc7xa8 Bb7xa8
18.Qf3h5 Ke7
19.Qh5xb5 Bf8g7
20.Qb5c4 Rh8b8
21.b3 Kd8
22.Qc4d3 Ke7
23.Qd3h3 h6
24.Qh3c3 Kd8
25.Qc3a5 Ke8
26.Re1e3 Bg7f8
27.Qa5c7 Ke7
28.c4 Rb8b7
29.Qc7a5 Rb7b8
30.g3 Ke8
31.b4 Bf8e7
32.Qa5c7 Be7d8
33.Qc7xd6 Bd8e7
34.Qd6a6 Be7xb4
35.Qa6a4 Ke7
36.Re3b3 Nd7c5
37.Qa4a7 Nc5d7
38.Rb3xb4 Rb8xb4
39.Qa7a3 { resign }
1-0

[Event "1/64 Finale"]
[Site "www.chess-mail.com"]
[Date "2016.09.28"]
[Round "1"]
[White "Sachpat"]
[Black "Egdiogel"]
[WhiteElo "2390"]
[BlackElo "2280"]
[Result "1-0"]
[Round "1"]
1.e4 c6
2.Nb1c3 g6
3.Ng1f3 d5
4.d4 Bf8g7
5.h3 dxe4
6.Nc3xe4 Ng8h6
7.c3 O-O
8.Bf1d3 Qd8c7
9.O-O Nh6f5
10.Rf1e1 Nb8d7
11.g4 Nf5d6
12.Bc1f4 Nd7f6
13.Ne4xf6 Bg7xf6
14.Qd1e2 Qc7d8
15.g5 Bf6g7
16.Qe2xe7 Nd6f5
17.Qe7xd8 Rf8xd8
18.Bd3c4 Bg7f8
19.h4 b6
20.Nf3e5 { resign }
1-0

[Event "Fast Game"]
[Site "www.echecsemail.com"]
[Date "2016.09.28"]
[Round "1"]
[White "Pellix84"]
[Black "Ranjachess"]
[WhiteElo "1620"]
[BlackElo "1820"]
[Result "1-0"]
[Round "1"]
1.d4 c5
2.d5 h6
3.c4 d6
4.Nb1c3 e5
5.g3 Ng8f6
6.Bf1g2 Bc8f5
7.e4 Bf5h7
8.Ng1e2 Nb8d7
9.O-O Qd8a5
10.a3 Nd7b6
11.b3 Nf6d7
12.f4 f6
13.Bc1b2 g5
14.fxg5 hxg5
15.Nc3b5 Ra8c8
16.Bb2c3 Qa5a6
17.Kh1 Bf8h6
18.Nb5xd6 Ke7
19.Nd6xc8 Nb6xc8
20.Ne2g1 Nc8d6
21.Qd1g4 b5
22.Qg4e6 Kd8
23.Bc3xe5 Rh8e8
24.Qe6xd6 Qa6xd6
25.Be5xd6 Bh7xe4
26.Bg2xe4 Re8xe4
27.Ra1e1 Re4xe1
28.Rf1xe1 a6
29.Ng1f3 g4
30.Nf3h4 Nd7b6
31.Bd6xc5 Nb6c8
32.Nh4f5 Bh6g5
33.Nf5e7 f5
34.Ne7xf5 bxc4
35.bxc4 a5
36.Nf5g7 Kd7
37.Ng7e6 Bg5e7
38.Bc5xe7 Nc8xe7
39.Ne6f8 Ke8
40.d6 Kxf8
41.Re1xe7 a4
42.c5 Kg8
43.c6 Kf8
44.c7 Kg8
45.c8Q 
1-0

[Event "Tourn. n8757"]
[Site "www.chess-mail.com"]
[Date "2016.09.29"]
[Round "1"]
[White "Marbachess"]
[Black "Seger"]
[WhiteElo "2530"]
[BlackElo "2750"]
[Result "1/2-1/2"]
[Round "1"]
1.f4 Ng8f6
2.b3 d5
3.Bc1b2 e6
4.e3 Bf8e7
5.Bf1d3 O-O
6.Nb1c3 c5
7.Ng1f3 Nb8c6
8.a3 b6
9.O-O Nc6a5
10.Nf3e5 Bc8b7
11.Ra1b1 Ra8c8
12.Qd1e2 Na5c6
13.Bd3a6 Bb7xa6
14.Qe2xa6 Nc6xe5
15.fxe5 Nf6d7
16.Qa6xa7 Nd7xe5
17.Nc3b5 Ne5c6
18.Qa7a4 d4
19.Rb1e1 Qd8d5
20.Qa4c4 Qd5xc4
21.bxc4 Be7g5
22.exd4 cxd4
23.d3 Bg5e3
24.Kh1 Rf8d8
25.Bb2c1 Be3xc1
26.Re1xc1 f6
27.g4 Rd8d7
28.Rc1e1 Kf7
29.Kg2 e5
30.h4 h5
31.g5 Ke6
32.Rf1f2 f5
33.Kg3 g6
34.Rf2d2 Rc8a8
35.Rd2e2 Kf7
36.Re1b1 Kg7
37.Rb1f1 Rd7e7
38.Rf1e1 Kf8
39.Kg2 Re7d7
40.Kg3 Ra8d8
41.Re1b1 Rd7e7
42.Rb1f1 Rd8a8
43.Rf1e1 Kg7
44.Kg2 Ra8a6
45.Kf2 Ra6a4
46.Kg3 Re7d7
47.Kg2 Ra4a8
48.Kg3 Ra8d8
49.Kg2 Rd8e8
50.Kf2 Kf7
51.Kf3 Re8a8
52.Re1b1 Ke6
53.Rb1g1 Ke7
54.Rg1b1 Kf8
55.Rb1e1 Ra8c8
56.Kg2 Kf7
57.Re1f1 Rc8a8
58.Rf1b1 Ke8
59.Kf3 Ke7
60.Kg2 Ke6
61.Rb1e1 Ra8f8
62.Re1b1 Rf8d8
63.Kf3 Rd8e8
64.Rb1e1 Kf7
65.Kg3 Kf8
66.Kh2 Re8d8
67.Kg3 { draw }
1/2-1/2

[Event "Tourn. n8934"]
[Site "www.chess-mail.com"]
[Date "2016.09.29"]
[Round "1"]
[White "Azulmarino"]
[Black "Mao"]
[WhiteElo "1660"]
[BlackElo "1680"]
[Result "0-1"]
[Round "1"]
1.e4 e5
2.Ng1f3 Nb8c6
3.Bf1c4 Bf8c5
4.a3 d6
5.Nb1c3 Ng8f6
6.h3 O-O
7.d3 Bc8e6
8.Bc4xe6 fxe6
9.Bc1g5 Qd8d7
10.O-O d5
11.exd5 exd5
12.Nc3b5 a6
13.Nb5c3 Ra8e8
14.Bg5h4 Nc6d4
15.Qd1d2 Nd4xf3
16.gxf3 Qd7xh3
17.Bh4g3 Nf6h5
18.Nc3e2 Rf8xf3
19.Qd2g5 Nh5xg3
20.Ne2xg3 Rf3xg3
21.Qg5xg3 Qh3xg3
22.Kh1 Bc5xf2
23.Ra1d1 Qg3h3
{ resign }
0-1

[Event "Tourn. n8887"]
[Site "www.chess-mail.com"]
[Date "2016.09.29"]
[Round "1"]
[White "Ejner"]
[Black "Seger"]
[WhiteElo "2440"]
[BlackElo "2750"]
[Result "0-1"]
[Round "1"]
1.d4 Ng8f6
2.Ng1f3 e6
3.c4 b6
4.g3 Bc8b7
5.Bf1g2 Bf8e7
6.O-O O-O
7.Nb1c3 Nf6e4
8.Qd1c2 Ne4xc3
9.Qc2xc3 c5
10.Rf1d1 Nb8a6
11.b3 Be7f6
12.Bc1b2 d5
13.Nf3e5 Bf6xe5
14.dxe5 d4
15.Qc3d2 Bb7xg2
16.Kxg2 f6
17.exf6 Qd8xf6
18.Rd1f1 e5
19.Qd2d3 Qf6c6
20.f3 Na6b4
21.Qd3b1 Ra8d8
22.a3 d3
23.e4 Nb4c2
24.Bb2xe5 Nc2e3
25.Kg1 d2
{ resign }
0-1

[Event "Tourn. n8934"]
[Site "www.chess-mail.com"]
[Date "2016.09.29"]
[Round "1"]
[White "Hansen"]
[Black "Passaroa25"]
[WhiteElo "1610"]
[BlackElo "1570"]
[Result "1-0"]
[Round "1"]
1.e4 c6
2.b4 d6
3.h3 Bc8e6
4.Ng1f3 f6
5.Nb1c3 Be6f7
6.g4 Nb8d7
7.e5 dxe5
8.Nc3e4 Bf7d5
9.Ne4c3 Bd5f7
10.Bf1d3 Nd7b6
11.O-O e6
12.g5 Nb6d5
13.Nc3e4 Nd5f4
14.Kh2 Bf8xb4
15.Ra1b1 a5
16.c3 Nf4xd3
17.gxf6 Nd3xf2
18.Rf1xf2 Ng8xf6
19.Ne4g5 Qd8d3
20.Bc1b2 Bb4xc3
21.Bb2xc3 e4
22.Nf3e5 Bf7h5
23.Qd1a4 Qd3xb1
24.Ng5xe6 Ra8c8
25.Qa4xa5 b6
26.Qa5a7 Rh8g8
27.Ne5c4 Nf6d5
28.Nc4d6 
1-0

[Event "Tourn. n8893"]
[Site "www.chess-mail.com"]
[Date "2016.09.29"]
[Round "1"]
[White "Frisker"]
[Black "Nimzo"]
[WhiteElo "2260"]
[BlackElo "2840"]
[Result "0-1"]
[Round "1"]
1.d4 d5
2.Ng1f3 Ng8f6
3.g3 e6
4.Bf1g2 Bf8e7
5.O-O O-O
6.c4 dxc4
7.Nf3e5 Nb8c6
8.Ne5xc6 bxc6
9.e3 Ra8b8
10.Nb1d2 Bc8a6
11.Rf1e1 c5
12.Nd2e4 Nf6xe4
13.Bg2xe4 cxd4
14.exd4 Be7f6
15.Bc1e3 Rb8xb2
16.Qd1a4 Qd8d6
17.Be3c1 Rb2b4
18.Qa4a5 Rb4b5
19.Qa5a4 Bf6xd4
20.Ra1b1 Qd6b6
21.Bc1e3 Bd4xe3
22.fxe3 Rb5xb1
23.Be4xb1 Rf8d8
24.Qa4c2 g6
25.Qc2c3 Ba6b7
26.Bb1c2 Qb6c6
27.e4 e5
28.Re1b1 Qc6c5
29.Kf1 Bb7c8
30.Kg2 Qc5d4
{ resign }
0-1

[Event "Tourn. n8851"]
[Site "www.chess-mail.com"]
[Date "2016.09.29"]
[Round "1"]
[White "Seger"]
[Black "Leo57"]
[WhiteElo "2710"]
[BlackElo "2800"]
[Result "1/2-1/2"]
[Round "1"]
1.d4 Ng8f6
2.c4 e6
3.Nb1c3 d5
4.Ng1f3 Nb8d7
5.Bc1g5 c6
6.e3 Qd8a5
7.cxd5 Nf6xd5
8.Ra1c1 Nd5xc3
9.bxc3 Bf8a3
10.Rc1c2 b6
11.Bf1d3 Bc8a6
12.O-O Ba6xd3
13.Qd1xd3 O-O
14.Bg5h4 Rf8e8
15.c4 h6
16.Rf1b1 Ba3e7
17.Bh4xe7 Re8xe7
18.c5 b5
19.e4 Ra8d8
20.h3 a6
21.Qd3e3 Qa5c7
22.Nf3h4 Nd7f8
23.f4 Nf8g6
24.Nh4xg6 fxg6
25.Rb1d1 Re7f7
26.g3 a5
27.h4 Qc7e7
28.Kg2 Rd8f8
29.Rc2e2 Rf8e8
30.Rd1h1 Re8f8
31.Re2f2 g5
32.hxg5 hxg5
33.Rh1h5 gxf4
34.gxf4 Rf7f6
35.Kf1 Rf6h6
36.Rh5xh6 gxh6
37.Qe3g3 Kh7
38.f5 exf5
39.Rf2xf5 b4
40.Qg3f3 { draw }
1/2-1/2

[Event "Match"]
[Site "www.echecsemail.com"]
[Date "2016.09.29"]
[Round "1"]
[White "Gambitmiau"]
[Black "Darknight"]
[WhiteElo "1900"]
[BlackElo "1730"]
[Result "0-1"]
[Round "1"]
1.e4 e5
2.d4 exd4
3.c3 dxc3
4.Bf1c4 Bf8b4
5.bxc3 Bb4a5
6.Qd1h5 Qd8e7
7.Bc4xf7 Qe7xf7
8.Qh5xa5 d6
9.h3 Nb8c6
10.Qa5d5 Bc8e6
11.Qd5b5 O-O-O
12.Nb1d2 a6
13.Qb5e2 Qf7f6
14.Bc1b2 Rd8e8
15.Ra1b1 Qf6g6
16.c4 Ng8f6
17.Bb2xf6 Qg6xg2
18.Qe2f3 Qg2xf3
19.Ng1xf3 gxf6
20.h4 Be6xc4
21.Nd2xc4 Re8xe4
22.Nc4e3 d5
23.Nf3d2 Re4e5
24.Rh1g1 d4
25.Nd2c4 Re5e6
26.Ke2 dxe3
27.Nc4xe3 Nc6d4
28.Kd1 Re6d6
29.Ne3c4 Rd6d8
30.Ke1 Nd4f3
31.Ke2 Nf3xg1
32.Rb1xg1 b6
33.Rg1c1 Kb7
34.f4 Rh8e8
35.Kf3 h5
36.Rc1b1 Rd8d3
37.Kf2 Rd3d4
38.Rb1c1 Rd4xf4
39.Kg3 Rf4g4
40.Kf3 Rg4xh4
41.Nc4e3 Rh4h3
42.Kf4 Rh3xe3
43.Rc1h1 Re8e5
{ resign }
0-1

[Event "Match"]
[Site "www.echecsemail.com"]
[Date "2016.09.29"]
[Round "1"]
[White "Coraza"]
[Black "Traub"]
[WhiteElo "1790"]
[BlackElo "1290"]
[Result "1-0"]
[Round "1"]
1.e4 e5
2.Ng1f3 Nb8c6
3.Bf1c4 Ng8f6
4.Nb1c3 Nf6xe4
5.Nc3xe4 d5
6.Ne4g3 dxc4
7.O-O Bf8c5
8.Rf1e1 f6
9.c3 Bc8e6
10.Qd1a4 a6
11.d4 cxd3
12.Bc1d2 f5
13.Re1xe5  { time }
1-0

[Event "Match"]
[Site "www.echecsemail.com"]
[Date "2016.09.29"]
[Round "1"]
[White "Gambitmiau"]
[Black "Godrad"]
[WhiteElo "1900"]
[BlackElo "1809"]
[Result "0-1"]
[Round "1"]
1.e4 e6
2.d4 d5
3.e5 c5
4.Ng1f3 Nb8c6
5.Bf1b5 cxd4
6.Nf3xd4 Bc8d7
7.Bc1g5 Qd8xg5
8.Bb5xc6 Qg5xe5
9.Qd1e2 Qe5xe2
10.Kxe2 bxc6
11.Nb1d2 Bf8d6
12.Rh1e1 Ra8b8
13.b3 c5
14.Nd4f3 Ng8e7
15.Kf1 O-O
16.c4 Ne7c6
17.cxd5 exd5
18.g3 Bd7h3
19.Kg1 Rf8e8
20.Nf3g5 Bh3d7
21.Re1d1 Nc6b4
22.Nd2f3 h6
23.a3 Nb4c2
24.Ra1a2 Nc2d4
25.Nf3xd4 hxg5
26.Nd4f3 Rb8xb3
27.Rd1xd5 Bd7h3
28.Ra2a1 Rb3xf3
29.Rd5xd6 Re8e2
30.Ra1d1 Re2xf2
31.Rd6d2 Rf2f1
{ resign }
0-1

[Event "Match"]
[Site "www.echecsemail.com"]
[Date "2016.09.29"]
[Round "1"]
[White "Caspito"]
[Black "Roohbakhsh"]
[WhiteElo "1830"]
[BlackElo "1499"]
[Result "0-1"]
[Round "1"]
1.e4 c5
2.b3 Ng8f6
3.d3 Nb8c6
4.Bc1b2 e6
5.Bf1e2 d6
6.Nb1c3 Bf8e7
7.Be2f3 O-O
8.Ng1h3 d5
9.O-O d4
10.Nc3e2 Nc6e5
11.Ne2g3 Ne5xf3
12.Qd1xf3 e5
13.Ng3f5 Bc8xf5
14.Qf3xf5 Qd8d7
15.Qf5xd7 Nf6xd7
16.c3 Nd7f6
17.f4 Nf6g4
18.Rf1f3 exf4
19.cxd4 cxd4
20.Nh3xf4 Rf8d8
21.Nf4d5 Kf8
22.Ra1f1 Ng4e5
23.Rf3f5 Be7d6
24.Rf5g5 f6
25.Bb2xd4 Rd8e8
26.Bd4c5 Bd6xc5
27.Kh1 Ra8d8
28.b4 Bc5b6
29.a4 Ne5xd3
30.Rg5g3 Nd3f2
{ resign }
0-1

[Event "Match"]
[Site "www.echecsemail.com"]
[Date "2016.09.29"]
[Round "1"]
[White "Gambitmiau"]
[Black "Drawlward"]
[WhiteElo "1880"]
[BlackElo "1809"]
[Result "0-1"]
[Round "1"]
1.e4 c5
2.Ng1f3 d6
3.Bf1c4 e6
4.d4 cxd4
5.Nf3xd4 Ng8f6
6.Bc1g5 h6
7.Bg5xf6 Qd8xf6
8.Nd4b5 Qf6d8
9.Nb1c3 a6
10.Nb5d4 Qd8c7
11.Bc4b3 Bf8e7
12.O-O Nb8c6
13.Nd4xc6 Qc7xc6
14.Qd1f3 O-O
15.a4 Be7f6
16.Bb3a2 Bc8d7
17.Rf1d1 Rf8d8
18.Ra1b1 Ra8c8
19.Rd1d3 Bf6xc3
20.Rd3xc3 Qc6xa4
21.Ba2b3 Rc8xc3
22.Qf3xc3 Qa4c6
23.Qc3f3 b5
24.c4 bxc4
25.Rb1c1 d5
26.Bb3c2 d4
27.h3 e5
28.Kh2 Qc6f6
29.Qf3xf6 gxf6
30.Bc2d1 Bd7e6
31.Bd1g4 Be6xg4
32.hxg4 d3
33.Kg3 a5
34.Rc1d1 a4
35.f4 a3
36.bxa3 c3
37.a4 c2
{ resign }
0-1

[Event "Fast Game"]
[Site "www.echecsemail.com"]
[Date "2016.09.29"]
[Round "1"]
[White "Romaamor69"]
[Black "Add"]
[WhiteElo "1939"]
[BlackElo "2020"]
[Result "1-0"]
[Round "1"]
1.d4 d6
2.Ng1f3 c6
3.g3 h6
4.Bf1g2 d5
5.O-O Ng8f6
6.c4 e6
7.Nb1c3 dxc4
8.a4 a5
9.Nf3e5 Bf8d6
10.Ne5xc4 Bd6c7
11.b3 O-O
12.Bc1b2 Nf6d5
13.Nc3xd5 exd5
14.Nc4e5 Bc8f5
15.e3 f6
16.Ne5d3 Nb8a6
17.Ra1c1 Bc7d6
18.f3 Qd8e8
19.Rf1e1 Qe8g6
20.e4 dxe4
21.fxe4 Bf5g4
22.Bg2f3 Bg4xf3
23.Qd1xf3 Na6b4
24.Nd3c5 Qg6f7
25.Bb2a3 Bd6xc5
26.Rc1xc5 b6
27.Rc5c4 Qf7e7
28.Rc4xc6 Qe7b7
29.Rc6c4 Rf8c8
30.Re1c1 Rc8xc4
31.Rc1xc4 Ra8c8
32.Qf3g4 Rc8xc4
33.Qg4e6 Qb7f7
34.Qe6xc4 Qf7xc4
35.bxc4 Kf7
36.Kf2 Nb4c6
37.Ke3 g5
38.Ba3d6 Nc6a7
39.Bd6b8 Na7c8
40.g4 Ke7
41.d5 Kd7
42.Kd4 Nc8e7
43.c5 bxc5
44.Kxc5 Ne7g6
45.Bb8g3 { resign }
1-0

[Event "Fast Game"]
[Site "www.echecsemail.com"]
[Date "2016.09.29"]
[Round "1"]
[White "Guidom"]
[Black "Libiesse"]
[WhiteElo "1969"]
[BlackElo "1690"]
[Result "1/2-1/2"]
[Round "1"]
1.e4 c5
2.Ng1f3 e6
3.d4 cxd4
4.Nf3xd4 Ng8f6
5.Nb1c3 d6
6.Bc1g5 Bf8e7
7.Bf1e2 O-O
8.Qd1d2 Nb8c6
9.Nd4b3 h6
10.Bg5e3 a6
11.O-O Bc8d7
12.f4 b5
13.a3 Qd8c7
14.Ra1d1 Rf8d8
15.Qd2e1 Nc6a5
16.Nb3xa5 Qc7xa5
17.e5 Nf6e8
18.exd6 Ne8xd6
19.Nc3d5 Qa5xe1
20.Nd5xe7 Kf8
21.Rf1xe1 Kxe7
22.Be3c5 Bd7c6
23.f5 Bc6d5
24.fxe6 fxe6
25.Be2g4 Kf7
26.Bg4xe6 Bd5xe6
27.Rd1xd6 Rd8xd6
28.Bc5xd6 Ra8d8
29.Re1f1 Kg8
30.Bd6b4 g6
31.Rf1f6 Be6f5
32.Rf6xa6 Bf5xc2
33.Ra6a7 Bc2d3
34.Ra7e7 h5
35.h3 Bd3c4
36.Bb4c3 Bc4d3
37.Kf2 Kf8
38.Re7h7 Rd8d5
39.g4 { draw }
1/2-1/2

[Event "Tourn. n8968"]
[Site "www.chess-mail.com"]
[Date "2016.09.30"]
[Round "1"]
[White "Norlavuaram"]
[Black "B0zata"]
[WhiteElo "2150"]
[BlackElo "2280"]
[Result "1-0"]
[Round "1"]
1.e4 e5
2.Ng1f3 d6
3.d4 Bc8g4
4.dxe5 Bg4xf3
5.gxf3 dxe5
6.Qd1xd8 Kxd8
7.Bf1c4 f6
8.Nb1c3 Bf8b4
9.Bc1d2 Ng8e7
10.O-O-O Ke8
11.Nc3b5 Bb4xd2
12.Rd1xd2 Nb8a6
13.Rh1g1 Ne7g6
14.h4 Ra8d8
15.h5 Rd8xd2
16.Kxd2 c6
17.Nb5d6 Ke7
18.Nd6xb7 Na6c7
19.hxg6 h6
20.Nb7c5 Rh8d8
21.Ke2 Nc7b5
22.Bc4xb5 cxb5
23.Nc5d3 a5
24.f4 Rd8c8
25.Kd2 Rc8d8
26.fxe5 fxe5
27.Kc1 Rd8d4
28.f3 Rd4d6
29.f4 exf4
30.Nd3xf4 Rd6d4
31.Nf4d5 Kd6
32.Rg1e1 Ke5
33.Nd5c7 Rd4xe4
34.Re1xe4 Kxe4
35.Kd2 b4
36.Nc7e6 Kf5
37.Ne6xg7 Kxg6
38.Ng7e6 Kf5
39.Ne6d4 Kf4
40.Ke2 h5
41.Kf2 h4
42.Nd4c6 h3
43.Nc6xa5 h2
44.Kg2 Ke3
45.Na5c6 { resign }
1-0

[Event "Tourn. n8962"]
[Site "www.chess-mail.com"]
[Date "2016.09.30"]
[Round "1"]
[White "Cal"]
[Black "Mao"]
[WhiteElo "1700"]
[BlackElo "1680"]
[Result "0-1"]
[Round "1"]
1.c4 e5
2.e4 Ng8f6
3.d3 c6
4.a3 d5
5.cxd5 cxd5
6.exd5 Nf6xd5
7.Ng1f3 Nb8c6
8.Qd1a4 Bc8d7
9.Qa4d1 Bf8e7
10.b4 Be7f6
11.h3 O-O
12.Bc1b2 e4
13.dxe4 Bf6xb2
14.Ra1a2 Bb2c3
15.Nb1d2 Nd5b6
16.b5 Nc6a5
17.a4 Bd7e6
18.Bf1e2 Be6xa2
19.Qd1c2 Bc3xd2
20.Nf3xd2 Ba2e6
21.O-O Ra8c8
22.f4 Rc8xc2
23.Rf1d1 Rc2xd2
24.Rd1xd2 Qd8xd2
25.Be2f3 Rf8c8
26.f5 Rc8c1
27.Kh2 Qd2f4
{ resign }
0-1

[Event "Match"]
[Site "www.echecsemail.com"]
[Date "2016.09.30"]
[Round "1"]
[White "Cal"]
[Black "Ketchuplover"]
[WhiteElo "1710"]
[BlackElo "1750"]
[Result "0-1"]
[Round "1"]
1.Nb1c3 d5
2.d4 Ng8f6
3.h3 h6
4.Ng1f3 a6
5.e3 c6
6.a3 Nb8d7
7.Bf1d3 Qd8c7
8.O-O e5
9.dxe5 Nd7xe5
10.b4 Ne5xd3
11.cxd3 Bf8d6
12.Bc1b2 Bc8d7
13.Nc3e2 b5
14.Bb2xf6 gxf6
15.d4 O-O-O
16.Qd1d3 h5
17.a4 Kb7
18.axb5 axb5
19.Ra1a5 Bd6xb4
20.Ra5a2 Bb4a5
21.Ne2f4 Rd8a8
22.Rf1c1 h4
23.Nf4xd5 cxd5
24.Rc1xc7 Ba5xc7
25.Ra2b2 Ra8a1
26.Rb2b1 Rh8a8
27.g3 hxg3
28.Nf3d2 Ra1xb1
29.Qd3xb1 gxf2
30.Kxf2 Ra8h8
31.e4 Rh8xh3
32.exd5 Rh3h2
33.Ke3 Bc7f4
34.Kxf4 Rh2xd2
35.Qb1b4 Rd2d1
36.Qb4e7 Rd1xd4
37.Ke3 Rd4xd5
38.Qe7xf7 Rd5d6
39.Qf7f8 Kc7
40.Ke4 b4
41.Qf8a8 Bd7c6
{ resign }
0-1

[Event "Match"]
[Site "www.echecsemail.com"]
[Date "2016.09.30"]
[Round "1"]
[White "Pramod"]
[Black "Cal"]
[WhiteElo "1699"]
[BlackElo "1710"]
[Result "1-0"]
[Round "1"]
1.d4 d5
2.c4 dxc4
3.e3 b5
4.a4 c6
5.axb5 cxb5
6.Qd1f3 Ng8f6
7.Qf3xa8 Nb8d7
8.Ra1xa7 e6
9.Bc1d2 Bf8e7
10.Bd2a5 O-O
11.Ba5xd8 Rf8xd8
12.Ra7c7 Nd7b6
13.Qa8a7 Nb6d5
14.Rc7xe7 Nd5xe7
15.Qa7xe7 Rd8e8
16.Qe7b4 Nf6e4
17.Nb1c3 f5
18.Nc3xe4 fxe4
19.Qb4xb5 Re8f8
20.Bf1xc4 Rf8f5
21.Qb5xf5 { resign }
1-0

[Event "1/32 Finale"]
[Site "www.chess-mail.com"]
[Date "2016.09.30"]
[Round "1"]
[White "Papaours"]
[Black "Sachpat"]
[WhiteElo "2199"]
[BlackElo "2390"]
[Result "0-1"]
[Round "1"]
1.e4 c5
2.f4 Nb8c6
3.Ng1f3 g6
4.Bf1b5 Bf8g7
5.Bb5xc6 bxc6
6.d3 d6
7.O-O Ng8f6
8.Qd1e1 O-O
9.Qe1h4 c4
10.f5 cxd3
11.cxd3 gxf5
12.Bc1h6 Bg7xh6
13.Qh4xh6 Bc8a6
14.Nf3h4 Nf6g4
15.Qh6g5 Kh8
16.Nh4xf5 Qd8b6
17.Kh1 Qb6xb2
18.Qg5xg4 Qb2xa1
19.Nb1d2 Qa1c3
20.Nd2c4 d5
21.exd5 cxd5
22.d4 Rf8g8
23.Qg4f4 Qc3xc4
{ resign }
0-1

[Event "Fast Game"]
[Site "www.echecsemail.com"]
[Date "2016.09.30"]
[Round "1"]
[White "Krazy4chess"]
[Black "Hennie4820"]
[WhiteElo "1839"]
[BlackElo "1700"]
[Result "1-0"]
[Round "1"]
1.e4 c5
2.Ng1f3 e6
3.d4 cxd4
4.Nf3xd4 Ng8f6
5.Bf1d3 Qd8b6
6.Nd4b3 Nb8c6
7.Bc1e3 Qb6c7
8.O-O Bf8d6
9.f4 Bd6e7
10.c3 d6
11.Nb1d2 a6
12.a4 O-O
13.Nd2c4 Bc8d7
14.Nc4b6 Ra8d8
15.Kh1 h6
16.a5 Rd8b8
17.Qd1f3 d5
18.exd5 Nf6xd5
19.Nb6xd5 exd5
20.Qf3xd5 Bd7e6
21.Qd5e4 g6
22.Be3b6 Qc7c8
23.Nb3d4 Nc6xd4
24.Bb6xd4 Be7d6
25.Qe4e2 Be6f5
26.g3 Bf5xd3
27.Qe2xd3 Qc8c6
28.Qd3f3 Qc6xf3
29.Rf1xf3 Rf8e8
30.Rf3e3 Re8xe3
31.Bd4xe3 Rb8e8
32.Be3d4 Re8e2
33.b4 Re2d2
34.Ra1e1 f5
35.Re1e6 Bd6xb4
36.Re6xg6 Kf8
37.Rg6f6 Ke7
38.Rf6xh6 Kd7
39.Rh6h7 Kc6
40.Rh7h6 Kd5
41.cxb4 Rd2xd4
42.Rh6b6 Ke4
43.Kg2 Rd4d2
44.Kh3 Kf3
45.Rb6xb7 Rd2d6
46.Rb7b6 Rd6d7
47.Rb6h6 Rd7b7
48.Kh4 Rb7xb4
49.Rh6xa6 Kg2
50.Ra6b6 Rb4c4
51.Rb6b5 Kxh2
52.Rb5xf5 Rc4a4
53.Rf5g5 Kg2
54.Kh5 Kf3
55.Kg6 Ke4
56.Kf6 Ra4a3
57.Ke7 Ra3a4
58.Kd7 Ra4a3
59.Kc7 Ra3b3
60.a6 Rb3a3
61.Kb6 Ra3b3
62.Rg5b5 { resign }
1-0